Normas legales sobre accidentes del trabajo y enfermedades profesionales. (Registro nro. 19940)

MARC details
000 -CABECERA
campo de control de longitud fija 00733nam a2200229Ia 4500
008 - DATOS DE LONGITUD FIJA--INFORMACIÓN GENERAL
campo de control de longitud fija 260312s9999 xx 000 0 und d
020 ## - NÚMERO INTERNACIONAL ESTÁNDAR DEL LIBRO
Número Internacional Estándar del Libro D.L. 74418
082 ## - NÚMERO DE LA CLASIFICACIÓN DECIMAL DEWEY
Número de clasificación 344.022 N790 1990 HNA
100 ## - ENTRADA PRINCIPAL--NOMBRE DE PERSONA
Nombre de persona Asociación Chilena de Seguridad
9 (RLIN) 35107
245 #0 - MENCIÓN DE TÍTULO
Título Normas legales sobre accidentes del trabajo y enfermedades profesionales.
250 ## - MENCIÓN DE EDICIÓN
Mención de edición 2a. edición
260 ## - PUBLICACIÓN, DISTRIBUCIÓN, ETC. (PIE DE IMPRENTA)
Nombre del editor, distribuidor, etc. Alfredo Grasset M., editor Juan Alberto Alcalde H., editor
260 ## - PUBLICACIÓN, DISTRIBUCIÓN, ETC. (PIE DE IMPRENTA)
Lugar de publicación. s.l.
260 ## - PUBLICACIÓN, DISTRIBUCIÓN, ETC. (PIE DE IMPRENTA)
Fecha de publicación, distribución, etc. 1990
300 ## - DESCRIPCIÓN FÍSICA
Extensión 203p.
500 ## - NOTA GENERAL
Nota general Colección Humberto Nogueira Alcalá
650 ## - PUNTO DE ACCESO ADICIONAL DE MATERIA--TÉRMINO DE MATERIA
Término de materia o nombre geográfico como elemento inicial Accidentes del trabajo
9 (RLIN) 11499
650 ## - PUNTO DE ACCESO ADICIONAL DE MATERIA--TÉRMINO DE MATERIA
Término de materia o nombre geográfico como elemento inicial Aspectos jurídicos
9 (RLIN) 365
650 ## - PUNTO DE ACCESO ADICIONAL DE MATERIA--TÉRMINO DE MATERIA
Término de materia o nombre geográfico como elemento inicial Chile
9 (RLIN) 121
650 ## - PUNTO DE ACCESO ADICIONAL DE MATERIA--TÉRMINO DE MATERIA
Término de materia o nombre geográfico como elemento inicial Enfermedades ocupacionales
9 (RLIN) 35108
942 ## - ELEMENTOS DE PUNTO DE ACCESO ADICIONAL (KOHA)
Fuente del sistema de clasificación o colocación
Tipo de ítem Koha Libro
Existencias
Estado de retiro Estado de pérdida Fuente del sistema de clasificación o colocación Estado dañado No para préstamo Código de colección Localización permanente Ubicación/localización actual Fecha de adquisición Fuente de adquisición Total de préstamos Signatura topográfica completa Código de barras Fecha visto por última vez Número de copia Precio válido a partir de Tipo de ítem Koha
          Colección General Biblioteca Central Biblioteca Central 30/08/2025 Donación Humberto Nogueira   344.022 N790 1990 HNA 27549 06/05/2026 1 06/05/2026 Libro
Derechos Reservados © 2011 Universidad Miguel de Cervantes. Mac Iver 370. Santiago Centro, C.P. 8320170. Chile. / Teléfono: +56 (2) 2 927 34 00